01347nam a22003374a 4500001001200000003000800012006001900020007001500039008004100054010001700095020001500112040002100127035002000148050002800168082001700196100002500213245008900238250001200327260005900339300002400398500006200422504006600484533015200550650002000702650003100722655002900753700006500782710001700847856012600864999001900990ebr10046819CaPaEBRm u cr cn|||||||||010822s2002 enka sb 001 0 eng  z 2001040992 z0566084511 aCaPaEBRcCaPaEBR a(OCoLC)5436033814aHF5415.525b.B87 2002eb04a658.8/122211 aButscher, Stephan A.10aCustomer loyalty programmes and clubsh[electronic resource] /cStephan A. Butscher. a2nd ed. aAldershot, England ;aBurlington, VT :bGower,cc2002. axiv, 206 p. :bill. aRev. ed. of: Customer clubs and loyalty programmes, 1998. aIncludes bibliographical references (p. [191]-201) and index. aElectronic reproduction.bPalo Alto, Calif. :cebrary,d2013.nAvailable via World Wide Web.nAccess may be limited to ebrary affiliated libraries. 0aCustomer clubs. 0aCustomer loyalty programs. 7aElectronic books.2local1 aButscher, Stephan A.tCustomer clubs and loyalty programmes.2 aebrary, Inc.40uhttp://site.ebrary.com/lib/rucke/Doc?id=10046819zAn electronic book accessible through the World Wide Web; click to view c173370d173370